[Event "Gyor Amateur op 20th"]
[Site "Gyor"]
[Date "2021.06.06"]
[Round "5"]
[White "Sarmasi, Peter"]
[Black "Horvath, Peter Gy"]
[Result "1-0"]
[WhiteElo "1803"]
[BlackElo "1174"]
[PlyCount "65"]
[EventDate "2021.06.05"]
[EventType "swiss"]
[EventRounds "5"]
[EventCountry "HUN"]
[SourceTitle "EXT 2025"]
[Source "ChessBase"]
[SourceDate "2024.10.14"]
[SourceVersion "1"]
[SourceVersionDate "2024.10.14"]
[SourceQuality "1"]

1. c4 d5 2. g3 Nf6 3. Bg2 e5 4. b3 Bc5 5. Bb2 Bxf2+ 6. Kxf2 Ng4+ 7. Ke1 Qf6 8. Nf3 d4 9. Rf1 Qh6 10. h3 e4 11. hxg4 exf3 12. Bxf3 Nc6 13. Bxc6+ bxc6 14. Bxd4 Bxg4 15. Nc3 0-0 16. d3 Rad8 17. Bf2 Rfe8 18. Qd2 Qf6 19. Rd1 Qg6 20. d4 Re6 21. Rc1 Re5 22. e3 Qh5 23. Ne2 Rf5 24. Nf4 Qh6 25. Qd3 g5 26. Ne2 Qf6 27. Ng1 Re8 28. e4 h5 29. Qe3 Qe7 30. exf5 Qxe3+ 31. Bxe3 Rxe3+ 32. Kf2 Rd3 33. Ne2 1-0

[Event "Gyor Amateur op 20th"]
[Site "Gyor"]
[Date "2021.06.05"]
[Round "1"]
[White "Kiraly, Ferenc"]
[Black "Horvath, Peter Gy"]
[Result "1-0"]
[WhiteElo "1841"]
[BlackElo "1174"]
[PlyCount "69"]
[EventDate "2021.06.05"]
[EventType "swiss"]
[EventRounds "5"]
[EventCountry "HUN"]
[SourceTitle "EXT 2025"]
[Source "ChessBase"]
[SourceDate "2024.10.14"]
[SourceVersion "1"]
[SourceVersionDate "2024.10.14"]
[SourceQuality "1"]

1. e4 e5 2. Nf3 Nc6 3. Bc4 Nf6 4. 0-0 d6 5. d3 Na5 6. Nbd2 Bg4 7. a3 Nxc4 8. Nxc4 b5 9. Ne3 Bh5 10. c3 d5 11. exd5 Nxd5 12. Nf5 Qf6 13. Ng3 Bg4 14. Re1 Bd6 15. Ne4 Qe6 16. Neg5 Qd7 17. Qb3 c6 18. Nxe5 Qe7 19. Nef3 Be6 20. Nd4 0-0 21. Ngxe6 fxe6 22. g3 Qf7 23. Qc2 Rac8 24. Be3 e5 25. Nb3 c5 26. c4 bxc4 27. dxc4 Nb6 28. Rac1 Nxc4 29. Qxc4 Qxc4 30. Rxc4 Bb8 31. Rec1 Rfd8 32. Rxc5 Bc7 33. Rxc7 Rb8 34. R1c3 Rd1+ 35. Kg2 1-0

[Event "OP-2020-0-05050"]
[Site "LSS email"]
[Date "2020.11.08"]
[Round "?"]
[White "Kuttner, Jaromir"]
[Black "Horvath, Peter Gy"]
[Result "1-0"]
[WhiteElo "995"]
[BlackElo "666"]
[PlyCount "53"]
[EventDate "2020.11.06"]
[EventType "tourn (corr)"]
[EventRounds "4"]
[EventCountry "GER"]
[SourceTitle "Corr 2022"]
[Source "ChessBase"]
[SourceDate "2021.10.24"]
[SourceVersion "1"]
[SourceVersionDate "2021.10.24"]
[SourceQuality "1"]

1. e4 g6 2. d4 Bg7 3. Nf3 d6 4. Bc4 Nf6 5. 0-0 0-0 6. Nc3 Bg4 7. h3 Bxf3 8. Qxf3 Nc6 9. Be3 e6 10. Rad1 a6 11. e5 dxe5 12. dxe5 Nd7 13. Bf4 b5 14. Qxc6 bxc4 15. Rxd7 Qe8 16. Bg5 f6 17. Qxc7 Rf7 18. Rxf7 Qxf7 19. Qxf7+ Kxf7 20. exf6 Bxf6 21. Bxf6 Kxf6 22. Re1 Rd8 23. Ne4+ Kf7 24. Kf1 Re8 25. Nd6+ Ke7 26. Nxe8 Kxe8 27. Rxe6+ 1-0

[Event "SN-2019-0-00995"]
[Site "LSS email"]
[Date "2019.10.29"]
[Round "?"]
[White "Tolnai, Rudolf"]
[Black "Horvath, Peter Gy"]
[Result "1-0"]
[WhiteElo "802"]
[BlackElo "674"]
[PlyCount "35"]
[EventDate "2019.10.05"]
[EventType "tourn (corr)"]
[EventRounds "6"]
[EventCountry "GER"]
[SourceTitle "Corr 2022"]
[Source "ChessBase"]
[SourceDate "2021.10.24"]
[SourceVersion "1"]
[SourceVersionDate "2021.10.24"]
[SourceQuality "1"]

1. e4 d5 2. e5 e6 3. d4 c5 4. c3 b6 5. Be3 g5 6. Bb5+ Bd7 7. Bxd7+ Nxd7 8. Nf3 Be7 9. Qd2 f6 10. exf6 Ngxf6 11. Nxg5 Bd6 12. Nxe6 Qe7 13. dxc5 bxc5 14. Ng5 0-0-0 15. Na3 Rhg8 16. 0-0 Qg7 17. f4 h6 18. Ne6 1-0

[Event "LSS No Engine Cup 191 Preliminary 0"]
[Site "LSS email"]
[Date "2019.07.06"]
[Round "?"]
[White "Horvath, Peter Gy"]
[Black "Pech, Jaroslav Sr"]
[Result "0-1"]
[WhiteElo "1184"]
[BlackElo "1606"]
[PlyCount "46"]
[EventDate "2019.07.07"]
[EventType "tourn (corr)"]
[EventRounds "6"]
[EventCountry "GER"]
[SourceTitle "Corr 2022"]
[Source "ChessBase"]
[SourceDate "2021.10.24"]
[SourceVersion "1"]
[SourceVersionDate "2021.10.24"]
[SourceQuality "1"]

1. e4 c6 2. Nf3 d5 3. e5 c5 4. d4 cxd4 5. Nxd4 e6 6. f4 Nc6 7. h3 Qh4+ 8. Ke2 Bc5 9. Be3 Bxd4 10. Bxd4 Qxf4 11. c3 f6 12. Qd2 Qh4 13. Bf2 Qh5+ 14. Ke1 fxe5 15. Be2 Qf7 16. Qg5 Nf6 17. Nd2 0-0 18. Bc5 Rd8 19. Rf1 b6 20. Ba3 h6 21. Qh4 e4 22. Bb5 Bd7 23. Qf2 Nd4 0-1

[Event "SN-2019-0-00969"]
[Site "LSS email"]
[Date "2019.04.18"]
[Round "?"]
[White "Horvath, Peter Gy"]
[Black "Ducharme, Steven"]
[Result "0-1"]
[WhiteElo "701"]
[BlackElo "751"]
[PlyCount "56"]
[EventDate "2019.03.22"]
[EventType "tourn (corr)"]
[EventRounds "6"]
[EventCountry "GER"]
[SourceTitle "Corr 2022"]
[Source "ChessBase"]
[SourceDate "2021.10.24"]
[SourceVersion "1"]
[SourceVersionDate "2021.10.24"]
[SourceQuality "1"]

1. e4 d6 2. Nf3 Nf6 3. Bb5+ c6 4. Bc4 e6 5. d3 Be7 6. Nc3 0-0 7. 0-0 b5 8. Bb3 a5 9. a4 b4 10. Ne2 Ba6 11. c4 bxc3 12. Nxc3 Nbd7 13. Bf4 Rb8 14. Re1 e5 15. Bg5 h6 16. Be3 Ng4 17. h3 Nxe3 18. fxe3 Bxd3 19. Qxd3 Rxb3 20. Qd2 Qb6 21. Rab1 Rb8 22. Re2 Bg5 23. Nxg5 hxg5 24. Qxd6 Rxc3 25. Qxd7 Rxe3 26. Rxe3 Qxe3+ 27. Kh2 Qxe4 28. Ra1 Rxb2 0-1

[Event "LSS No Engine Cup 188 Preliminary 0"]
[Site "LSS email"]
[Date "2019.03.14"]
[Round "?"]
[White "Plastinin, Alexandr"]
[Black "Horvath, Peter Gy"]
[Result "1-0"]
[WhiteElo "1600"]
[BlackElo "1214"]
[PlyCount "33"]
[EventDate "2019.03.15"]
[EventType "tourn (corr)"]
[EventRounds "6"]
[EventCountry "GER"]
[SourceTitle "Corr 2022"]
[Source "ChessBase"]
[SourceDate "2021.10.24"]
[SourceVersion "1"]
[SourceVersionDate "2021.10.24"]
[SourceQuality "1"]

1. e4 e5 2. Nf3 d6 3. d4 Nc6 4. dxe5 dxe5 5. Qd3 Nf6 6. Be2 Bg4 7. Bd2 Bc5 8. 0-0 0-0 9. a3 Be7 10. h3 Be6 11. Bg5 h6 12. Bxf6 Bxf6 13. Nc3 Nd4 14. Rad1 c5 15. Nb5 Nxb5 16. Qxb5 b6 17. Rxd8 1-0

[Event "LSS No Engine Cup 187 Preliminary 0"]
[Site "LSS email"]
[Date "2019.02.11"]
[Round "?"]
[White "Kuttner, Jaromir"]
[Black "Horvath, Peter Gy"]
[Result "1-0"]
[WhiteElo "1117"]
[BlackElo "1252"]
[PlyCount "35"]
[EventDate "2019.02.12"]
[EventType "tourn (corr)"]
[EventRounds "6"]
[EventCountry "GER"]
[SourceTitle "Corr 2022"]
[Source "ChessBase"]
[SourceDate "2021.10.24"]
[SourceVersion "1"]
[SourceVersionDate "2021.10.24"]
[SourceQuality "1"]

1. e4 e6 2. d4 d5 3. e5 f6 4. f4 c5 5. c3 cxd4 6. cxd4 fxe5 7. fxe5 Nc6 8. Nf3 Bb4+ 9. Nc3 Nge7 10. a3 Ba5 11. b4 Bb6 12. Bd3 Bd7 13. Nb5 0-0 14. 0-0 a6 15. Nd6 Rb8 16. Ng5 g6 17. Ngf7 Qc7 18. Bh6 1-0

[Event "LSS No Engine Cup 184 Preliminary 0"]
[Site "LSS email"]
[Date "2018.12.02"]
[Round "?"]
[White "Ilyin, Igor"]
[Black "Horvath, Peter Gy"]
[Result "1-0"]
[WhiteElo "1908"]
[BlackElo "1600"]
[PlyCount "53"]
[EventDate "2018.12.03"]
[EventType "tourn (corr)"]
[EventRounds "6"]
[EventCountry "GER"]
[SourceTitle "Corr 2022"]
[Source "ChessBase"]
[SourceDate "2021.10.24"]
[SourceVersion "1"]
[SourceVersionDate "2021.10.24"]
[SourceQuality "1"]

1. e4 e6 2. d4 d5 3. Nc3 Nf6 4. e5 Nfd7 5. f4 c5 6. Nf3 cxd4 7. Nxd4 Bb4 8. Bd2 Nc6 9. Ndb5 b6 10. Qg4 g6 11. h4 Bb7 12. h5 0-0 13. 0-0-0 a6 14. Nd6 Rb8 15. hxg6 fxg6 16. Bd3 Qe7 17. Rh6 Bxd6 18. exd6 Qg7 19. Rdh1 Nf6 20. Qxe6+ Kh8 21. Bxg6 Bc8 22. d7 Bxd7 23. Qd6 Kg8 24. Bxh7+ Nxh7 25. Rxh7 Qxg2 26. Rh8+ Kf7 27. R1h7+ 1-0

[Event "RN-2018-0-01467"]
[Site "LSS email"]
[Date "2018.09.13"]
[Round "?"]
[White "Horvath, Peter Gy"]
[Black "Vontina, Maria"]
[Result "0-1"]
[WhiteElo "737"]
[BlackElo "720"]
[PlyCount "36"]
[EventDate "2018.08.25"]
[EventType "tourn (corr)"]
[EventRounds "6"]
[EventCountry "GER"]
[SourceTitle "Corr 2022"]
[Source "ChessBase"]
[SourceDate "2021.10.24"]
[SourceVersion "1"]
[SourceVersionDate "2021.10.24"]
[SourceQuality "1"]

1. e4 e6 2. Nf3 d5 3. Bb5+ c6 4. Ba4 Ne7 5. c3 Ng6 6. Bb3 Be7 7. 0-0 0-0 8. Re1 Nd7 9. h3 dxe4 10. Rxe4 Nf6 11. Re1 Qb6 12. d4 Nd5 13. Bg5 Bd6 14. Qd2 a5 15. c4 Bb4 16. Nc3 Nxc3 17. Qd3 Nxa2 18. Bxa2 Bxe1 0-1

[Event "RN-2018-0-01467"]
[Site "LSS email"]
[Date "2018.09.13"]
[Round "?"]
[White "Ualpaev, Sergej"]
[Black "Horvath, Peter Gy"]
[Result "1-0"]
[WhiteElo "650"]
[BlackElo "737"]
[PlyCount "33"]
[EventDate "2018.08.25"]
[EventType "tourn (corr)"]
[EventRounds "6"]
[EventCountry "GER"]
[SourceTitle "Corr 2022"]
[Source "ChessBase"]
[SourceDate "2021.10.24"]
[SourceVersion "1"]
[SourceVersionDate "2021.10.24"]
[SourceQuality "1"]

1. e4 e5 2. d4 Nf6 3. dxe5 Nxe4 4. f3 Nc5 5. b4 Ne6 6. Bc4 Nc6 7. b5 Ncd4 8. Bxe6 Nxe6 9. a4 c5 10. c4 d6 11. Bb2 Be7 12. Ne2 Bd7 13. f4 0-0 14. 0-0 a6 15. f5 Ng5 16. f6 gxf6 17. exf6 1-0

[Event "LSS No Engine Cup 181 Preliminary 0"]
[Site "LSS email"]
[Date "2018.08.20"]
[Round "?"]
[White "Horvath, Peter Gy"]
[Black "Schoppe, Gottfried"]
[Result "0-1"]
[WhiteElo "1600"]
[BlackElo "1304"]
[PlyCount "22"]
[EventDate "2018.08.21"]
[EventType "tourn (corr)"]
[EventRounds "6"]
[EventCountry "GER"]
[SourceTitle "Corr 2022"]
[Source "ChessBase"]
[SourceDate "2021.10.24"]
[SourceVersion "1"]
[SourceVersionDate "2021.10.24"]
[SourceQuality "1"]

1. e4 e5 2. d4 exd4 3. Qxd4 Nc6 4. Qd1 Bb4+ 5. Nc3 Nf6 6. Nf3 0-0 7. Bb5 Re8 8. 0-0 Bxc3 9. bxc3 Nxe4 10. c4 a6 11. Ba4 Nc3 0-1

[Event "LSS No Engine Cup 181 Preliminary 0"]
[Site "LSS email"]
[Date "2018.08.20"]
[Round "?"]
[White "Mueller Toepler, Michael"]
[Black "Horvath, Peter Gy"]
[Result "1-0"]
[WhiteElo "2004"]
[BlackElo "1600"]
[PlyCount "35"]
[EventDate "2018.08.21"]
[EventType "tourn (corr)"]
[EventRounds "6"]
[EventCountry "GER"]
[SourceTitle "Corr 2022"]
[Source "ChessBase"]
[SourceDate "2021.10.24"]
[SourceVersion "1"]
[SourceVersionDate "2021.10.24"]
[SourceQuality "1"]

1. c4 e6 2. d4 Bb4+ 3. Bd2 Bxd2+ 4. Qxd2 Nf6 5. Nc3 Nc6 6. e4 d6 7. f4 e5 8. dxe5 dxe5 9. Qxd8+ Nxd8 10. fxe5 Ng4 11. Nd5 Kd7 12. Rd1 Kc6 13. Be2 Nxe5 14. Ne7+ Kb6 15. Rd5 f6 16. c5+ Ka5 17. c6+ Kb6 18. Rb5+ 1-0

[Event "RN-2018-0-01457"]
[Site "LSS email"]
[Date "2018.08.03"]
[Round "?"]
[White "Lukashin, Alexandr"]
[Black "Horvath, Peter Gy"]
[Result "1-0"]
[WhiteElo "800"]
[BlackElo "784"]
[PlyCount "49"]
[EventDate "2018.07.20"]
[EventType "tourn (corr)"]
[EventRounds "6"]
[EventCountry "GER"]
[SourceTitle "Corr 2022"]
[Source "ChessBase"]
[SourceDate "2021.10.24"]
[SourceVersion "1"]
[SourceVersionDate "2021.10.24"]
[SourceQuality "1"]

1. e4 e6 2. d4 Bb4+ 3. c3 Ba5 4. Qg4 g6 5. e5 a6 6. b4 Bb6 7. Bg5 Ne7 8. a4 d5 9. Bf6 Rg8 10. a5 Ba7 11. Qf4 b6 12. axb6 Bxb6 13. Qh6 Nbc6 14. Qxh7 Kd7 15. Qxf7 Rf8 16. Qh7 Qe8 17. Nf3 Rf7 18. Qh3 Nf5 19. b5 Na5 20. Ng5 Rf8 21. Qh7+ Ne7 22. Bd3 Kd8 23. Bxg6 Qd7 24. Qg7 Re8 25. Nf7# 1-0

[Event "RN-2018-0-01450"]
[Site "LSS email"]
[Date "2018.07.10"]
[Round "?"]
[White "Horvath, Peter Gy"]
[Black "Bortnicker, Justin"]
[Result "0-1"]
[WhiteElo "825"]
[BlackElo "822"]
[PlyCount "66"]
[EventDate "2018.06.23"]
[EventType "tourn (corr)"]
[EventRounds "6"]
[EventCountry "GER"]
[SourceTitle "Corr 2022"]
[Source "ChessBase"]
[SourceDate "2021.10.24"]
[SourceVersion "1"]
[SourceVersionDate "2021.10.24"]
[SourceQuality "1"]

1. d4 Nf6 2. c4 d5 3. g3 dxc4 4. Bg2 c6 5. e4 Bg4 6. Nf3 Nxe4 7. 0-0 Qc8 8. Re1 Nd6 9. Bf4 Qd7 10. Nc3 g6 11. Ne5 Bxd1 12. Nxd7 Kxd7 13. Raxd1 Bg7 14. Bh3+ e6 15. d5 Bxc3 16. bxc3 cxd5 17. Rb1 b6 18. Bxd6 Kxd6 19. f4 f5 20. Rb2 Nd7 21. Rbe2 Rae8 22. Bg2 Nc5 23. h4 Nd3 24. Rd1 h5 25. Bf1 Nc5 26. Bg2 b5 27. a3 a5 28. Rb2 Rb8 29. Rdb1 Nb3 30. Bf3 b4 31. cxb4 axb4 32. axb4 Rxb4 33. Bd1 Rhb8 0-1

[Event "RN-2018-0-01450"]
[Site "LSS email"]
[Date "2018.07.10"]
[Round "?"]
[White "Ortiz, Juan Guillermo"]
[Black "Horvath, Peter Gy"]
[Result "1-0"]
[WhiteElo "447"]
[BlackElo "825"]
[PlyCount "41"]
[EventDate "2018.06.23"]
[EventType "tourn (corr)"]
[EventRounds "6"]
[EventCountry "GER"]
[SourceTitle "Corr 2022"]
[Source "ChessBase"]
[SourceDate "2021.10.24"]
[SourceVersion "1"]
[SourceVersionDate "2021.10.24"]
[SourceQuality "1"]

1. e4 Nf6 2. e5 Nd5 3. d4 d6 4. Nf3 c5 5. Bb5+ Nc6 6. 0-0 e6 7. Nc3 a6 8. Nxd5 exd5 9. Bxc6+ bxc6 10. Bg5 Qb6 11. b3 g6 12. Re1 Bg7 13. exd6+ Be6 14. Rb1 0-0 15. c3 cxd4 16. cxd4 f6 17. Rxe6 fxg5 18. g4 Rxf3 19. Qxf3 Qxd4 20. d7 Rd8 21. Re7 1-0

[Event "RN-2018-0-01450"]
[Site "LSS email"]
[Date "2018.07.10"]
[Round "?"]
[White "Vontina, Maria"]
[Black "Horvath, Peter Gy"]
[Result "1-0"]
[WhiteElo "727"]
[BlackElo "825"]
[PlyCount "37"]
[EventDate "2018.06.23"]
[EventType "tourn (corr)"]
[EventRounds "6"]
[EventCountry "GER"]
[SourceTitle "Corr 2022"]
[Source "ChessBase"]
[SourceDate "2021.10.24"]
[SourceVersion "1"]
[SourceVersionDate "2021.10.24"]
[SourceQuality "1"]

1. e4 Nf6 2. e5 Nd5 3. d4 d6 4. c4 Nb6 5. f4 a6 6. Be3 Nc6 7. Nf3 Bd7 8. Be2 dxe5 9. fxe5 e6 10. 0-0 Bb4 11. a3 Be7 12. Nc3 0-0 13. Rc1 Na5 14. Na2 Ba4 15. Qe1 Bb3 16. Qxa5 Bxa2 17. Qc3 Na4 18. Qc2 Nb6 19. b4 1-0

[Event "RN-2018-0-01416"]
[Site "LSS email"]
[Date "2018.03.16"]
[Round "?"]
[White "Venturas, Bob"]
[Black "Horvath, Peter Gy"]
[Result "1-0"]
[WhiteElo "744"]
[BlackElo "916"]
[PlyCount "41"]
[EventDate "2018.03.05"]
[EventType "tourn (corr)"]
[EventRounds "6"]
[EventCountry "GER"]
[SourceTitle "Corr 2022"]
[Source "ChessBase"]
[SourceDate "2021.10.24"]
[SourceVersion "1"]
[SourceVersionDate "2021.10.24"]
[SourceQuality "1"]

1. e4 e5 2. Nf3 Nf6 3. Nc3 Nc6 4. Bc4 Bb4 5. Nd5 d6 6. h3 Be6 7. c3 Bc5 8. 0-0 Nxe4 9. d3 Nf6 10. Ne3 0-0 11. Bb3 d5 12. Nc2 e4 13. dxe4 dxe4 14. Nd2 Re8 15. Re1 Bf5 16. Ne3 a5 17. a4 Qd3 18. Nxf5 Rad8 19. Bc2 Qd5 20. Ne3 Bxe3 21. fxe3 1-0

[Event "RN-2018-0-01410"]
[Site "LSS email"]
[Date "2018.03.01"]
[Round "?"]
[White "Hickl, Norbert"]
[Black "Horvath, Peter Gy"]
[Result "1-0"]
[WhiteElo "1038"]
[BlackElo "942"]
[PlyCount "59"]
[EventDate "2018.02.19"]
[EventType "tourn (corr)"]
[EventRounds "6"]
[EventCountry "GER"]
[SourceTitle "Corr 2022"]
[Source "ChessBase"]
[SourceDate "2021.10.24"]
[SourceVersion "1"]
[SourceVersionDate "2021.10.24"]
[SourceQuality "1"]

1. c4 e5 2. g3 Nf6 3. Bg2 Nc6 4. Nc3 Be7 5. e3 a6 6. Nge2 0-0 7. 0-0 d6 8. h3 Be6 9. b3 d5 10. cxd5 Nxd5 11. Bb2 Ncb4 12. Nxd5 Nxd5 13. Bxe5 c5 14. Nf4 Qb6 15. Nxe6 fxe6 16. Rc1 Nb4 17. d4 Nc6 18. dxc5 Bxc5 19. Bxc6 bxc6 20. Qg4 Rf7 21. Qxe6 Raf8 22. Rxc5 Qxc5 23. Bd6 Qc2 24. Bxf8 Kxf8 25. Qc8+ Ke7 26. Qxa6 Kf8 27. Qa3+ Kg8 28. Rc1 Qg6 29. Qa8+ Rf8 30. Qxc6 1-0

[Event "RN-2018-0-01410"]
[Site "LSS email"]
[Date "2018.03.01"]
[Round "?"]
[White "Horvath, Peter Gy"]
[Black "Semenov, Zhenya"]
[Result "0-1"]
[WhiteElo "942"]
[BlackElo "899"]
[PlyCount "70"]
[EventDate "2018.02.19"]
[EventType "tourn (corr)"]
[EventRounds "6"]
[EventCountry "GER"]
[SourceTitle "Corr 2022"]
[Source "ChessBase"]
[SourceDate "2021.10.24"]
[SourceVersion "1"]
[SourceVersionDate "2021.10.24"]
[SourceQuality "1"]

1. e4 c5 2. Nf3 a6 3. c4 Nc6 4. d4 cxd4 5. Nxd4 d6 6. c5 dxc5 7. Nf5 Qxd1+ 8. Kxd1 Bxf5 9. exf5 0-0-0+ 10. Ke1 Nd4 11. Na3 Nxf5 12. Bc4 e6 13. Bf4 Nf6 14. g4 Nxg4 15. Rg1 Nf6 16. Rd1 Nd4 17. Rg3 Nh5 18. Rg4 Nxf4 19. Rxf4 b5 20. Be2 b4 21. Nc4 Nxe2 22. Kxe2 Rxd1 23. Kxd1 f6 24. Rf3 Be7 25. Re3 Rd8+ 26. Ke2 e5 27. Rg3 g6 28. Nb6+ Kb7 29. Nc4 Rd4 30. Nd2 c4 31. a3 a5 32. Rh3 h5 33. Rg3 g5 34. Nf3 Re4+ 35. Kd2 c3+ 0-1

[Event "RN-2018-0-01386"]
[Site "LSS email"]
[Date "2018.01.04"]
[Round "?"]
[White "Horvath, Peter Gy"]
[Black "Stehling, Eva"]
[Result "1-0"]
[WhiteElo "1079"]
[BlackElo "906"]
[PlyCount "61"]
[EventDate "2017.12.22"]
[EventType "tourn (corr)"]
[EventRounds "6"]
[EventCountry "GER"]
[SourceTitle "Corr 2022"]
[Source "ChessBase"]
[SourceDate "2021.10.24"]
[SourceVersion "1"]
[SourceVersionDate "2021.10.24"]
[SourceQuality "1"]

1. d4 d5 2. c4 dxc4 3. e3 Nf6 4. Bxc4 g6 5. Nc3 Bg7 6. Nf3 0-0 7. Bd3 b6 8. Bb5 Bb7 9. 0-0 Nbd7 10. h3 Rc8 11. Re1 c5 12. e4 cxd4 13. Nxd4 Ne5 14. Nf3 Nxf3+ 15. Qxf3 Rc7 16. Rd1 Qa8 17. Re1 Rd8 18. Qf4 Qb8 19. Qg3 Nd7 20. Bxd7 Rcxd7 21. Bf4 Qa8 22. f3 Rc8 23. Rad1 Rxd1 24. Rxd1 Bxc3 25. bxc3 Rxc3 26. Rd7 e6 27. Be5 Qc8 28. Bxc3 Qxd7 29. Qe5 f6 30. Qxf6 Qc6 31. Qg7# 1-0